Choix de méthodes contraceptives Guide théorique et pratique

Kaydedildi:
Detaylı Bibliyografya
Materyal Türü: Kitap
Dil:Undetermined
Etiketler: Etiketle
Etiket eklenmemiş, İlk siz ekleyin!
Thư viện lưu trữ: Trung tâm Học liệu Trường Đại học Cần Thơ
LEADER 00304nam a2200097Ia 4500
001 CTU_35701
008 210402s9999 xx 000 0 und d
082 |a 613.94 
245 0 |a Choix de méthodes contraceptives 
245 0 |b Guide théorique et pratique 
980 |a Trung tâm Học liệu Trường Đại học Cần Thơ